Tilastot visalle Sambia-visa

Klikkaa tästä pelataksesi tätä visaa!

Yleistilastot

  • Tätä visaa on pelattu 42 kertaa
  • Keskiarvotulos 12 / 18

Vastaustilastot

VihjeVastaus% Oikein
Sambian suurin naapurimaaKongon dem. tasavalta
94%
Sambian pienin naapurimaaMalawi
90%
Valtio, jonka kanssa Sambia jakaa yllä olevat putouksetZimbabwe
90%
Suuret vesiputoukset maan eteläosassa{Victorian} putoukset
87%
Virallinen kieliEnglanti
84%
PääkaupunkiLusaka
81%
Metalli, joka kattaa suuren osan Sambian viennistäKupari
74%
Skottilainen tutkimusmatkailija, joka näki nuo putoukset ensimmäisenä eurooppalaisenaDavid Livingstone
71%
Sambian siirtomaa-aikainen nimiPohjois-Rhodesia
68%
Joki, jonka mukaan valtio on nimettySambesi
68%
Lipussa esiintyvä kansallislintuKiljumerikotka
61%
Ihmisryhmä, joka muutti alueelle 300-luvulla syrjäyttäen alkuperäisen khoisaniväestönBantut
61%
Suuri järvi, jonka Sambia jakaa neljän muun valtion kanssaTanganjikajärvi
61%
Sambian diktaattori vuosina 1964–1991Kenneth {Kaunda}
45%
Toiseksi väkirikkain kaupunkiKitwe
45%
ValuuttaKwacha
45%
Sambian puhutuin äidinkieliBemba
39%
Tilavuudeltaan maailman suurin tekojärvi{Kariba}järvi
35%

Tulosjakauma

Persentiili vastausten määrän mukaan

Jokaisen tuloksen saaneiden osuus

Tuloshistoriasi

Et ole pelannut tätä visaa